Vista normal
Vista MARC
Entrada Topical Term
Número de registros utilizados en: 1
001 - CONTROL NUMBER
- control field: 7203
003 - CONTROL NUMBER IDENTIFIER
- control field: OSt
005 - DATE AND TIME OF LATEST TRANSACTION
- control field: 20200714141909.0
008 - FIXED-LENGTH DATA ELEMENTS
- fixed length control field: 200714|| aca||aabn | a|a d
040 ## - CATALOGING SOURCE
- Original cataloging agency: OSt
- Transcribing agency: OSt
150 ## - HEADING--TOPICAL TERM
- Topical term or geographic name entry element: Historia económica
- Chronological subdivision: Siglo XVI
670 ## - SOURCE DATA FOUND
- Source citation: Work cat.: (OSt)5582: Kalmanovitz, Salomón, autor 7201, La economía de la Nueva Granada /, 2008.